Purity and danger : an analysis of the concepts of pollution and taboo

Αποθηκεύτηκε σε:
Λεπτομέρειες βιβλιογραφικής εγγραφής
Κύριος συγγραφέας: Douglas, Mary, 1921-2007
Μορφή: Βιβλίο
Γλώσσα:English
Δημοσίευση: London : Routledge & Kegan Paul, 1966
Θέματα:
Ετικέτες: Προσθήκη ετικέτας
Δεν υπάρχουν, Καταχωρήστε ετικέτα πρώτοι!

MARC

LEADER 00000cam a2200000 i 4500
001 1/28111
008 060412s1966 eng d
020 |a 0-7100-8827-2 
035 |l 10083572 
040 |a GR-MY-UA  |b gre  |e aacr 
041 0 |a eng 
082 0 |a 390 
100 1 |a Douglas, Mary,   |d 1921-2007. 
245 1 0 |a Purity and danger :  |b an analysis of the concepts of pollution and taboo /  |c Mary Douglas 
260 |a London :   |b Routledge & Kegan Paul,   |c 1966 
300 |a 188 σ.  |b 22 εκ. 
504 |a Περιέχει βιβλιογραφία (σ. 180-185) και ευρετήριο 
650 0 0 |a Taboo. 
650 0 0 |a Purity, Ritual. 
852 |a INST  |b RHODES  |e 20060412  |h 390 DOU  |p 005400024719  |q 005400024719  |t BK  |y 0 
901 |a BIBL4-2006-1 
909 |a Ρ  |b 126435 
970 |a ΣΙΔΕΡΗ  |b ΝΕΚΤΑΡΙΑ  |z 2006/06/23